00656 2200217 4500001002100000005001500021035002500036008004100061245005700102100002400159250000600183260006600189300004300255020002200298082000800320084000800328520002800336650003800364990001800402990001800420INLIS00000000000352620231215055852 a0010-121900000003526231215 | ind 1 aPinter Ngomong Bahasa Inggris /cTan Michael Chandra0 aTan Michael Chandra a1 aIstana Media : Yogyakarta :bIstana Media : Yogyakarta,c2018 a198 hlm.;13x19 cm ;c198 hlm.;13x19 cm a978-602-0862-16-3 a400 a420 aHIBAH PERPUSNAS RI 2018 4aPinter Ngomong Bahasa Inggris 420 aB201812288698 aB201812318784